000 01465nam a2200337 i 4500
001 000037374
003 DO-SdBNP
005 20250521111029.0
007 ta
008 250521s1998 dr 000 0 spa d
040 _aDO-SdBNP
_bspa
_cBNPHU
_erda
041 _hspa
082 _a282.8
_bC748n, 1998
_222
111 2 _aConferencia general del Episcopado Latinoamericano
_n4ª :
_d1998 oct. 12-28 :
_cSanto Domingo)
_929793
245 1 0 _aNueva evangelización, promoción humana, cultural cristiana.
250 _aCuarta edición
264 _aSanto Domingo :
_bMSC,
_c1998
300 _a209 páginas ;
_c22 cm.
336 _ardacontent
_btexto
_2txt
337 _ardamedia
_bsin mediación
_2n
338 _ardacarrier
_bvolumen
_2nc
500 _aIncluye índice temático
505 0 _tJESUCRISTO, EVANGELIO DEL PADRE 51|Profesión de fe 53|A los 500 años de la primera evangelización 58|JESUCRISTO EVANGELIZADOR VIVENTE EN SU IGLESIA 61|La nueva evangelización 63|La promoción humana 111|La cultura cristiana 137|Jesucristo, vida y esperanza de América Latina y el Caribe 159
590 _aInventariado, 2025/DG
650 4 _aEvangelización
_zAmérica Latina
_xCongresos, conferencias, etc.
_929794
650 4 _aCristianismo y cultura
_xCongresos, conferencias, etc.
_929795
650 4 _aIglesia católica
_zAmérica Latina
_929796
710 2 _aIglesia Católica.
_bConsejo Episcopal Latinoamericano.
_929797
910 _aDG
942 _2ddc
_cLBS1
999 _c59075
_d59075